| 000 | 00774nam a2200181Ia 4500 | ||
|---|---|---|---|
| 008 | 090630s9999 xx 000 0 und d | ||
| 082 | _b6127 | ||
| 100 | _aसहस्त्रबुध्दे रमेश. | ||
| 245 |
_aउद्याची आशा सुर्यशक्ती. _cसहस्त्रबुध्दे रमेश. |
||
| 260 |
_bअनिरुध्द साहित्य. _c1980 |
||
| 300 | _a104 | ||
| 600 | _aसहस्त्रबुध्दे रमेश. | ||
| 630 | _aउद्याची आशा सुर्यशक्ती. | ||
| 655 | _aइतर. | ||
| 700 | _aसहस्त्रबुध्दे रमेश. | ||
| 730 | _aउद्याची आशा सुर्यशक्ती. | ||
| 942 | _cBOOK | ||
| 999 |
_c257983 _d257983 |
||